000 00919nac a22002291u 4500
010 _a2005045906
020 _a0131481517 (pbk. : alk. paper)
035 _a(OCoLC)ocm58604877
082 0 0 _a658.302
_bR632
090 _c1080
_d1080
100 _aRobbins, Stephen P.,
245 1 0 _aTraining in interpersonal skills :
_bTIPS for managing people at work /
_cStephen P. Robbins, Phillip L. Hunsaker.
250 _a4th ed.
260 _aUpper Saddle River, N.J. :
_bPearson/Prentice Hall,2006
_c2006.
300 _axxv, 387 p. :
_bill. ;
_c24 cm.
504 _aIncludes bibliographical references and index.
650 0 _aSupervision of employees.
650 0 _aInterpersonal communication.
700 1 _aHunsaker, Phillip L.
942 _cBB
_k658.302R632
999 _c1080
_d1080